| 000 -LEADER |
| fixed length control field |
00453pab a2200157 454500 |
| 008 - FIXED-LENGTH DATA ELEMENTS--GENERAL INFORMATION |
| fixed length control field |
180718b2006 xxu||||| |||| 00| 0 eng d |
| 100 ## - MAIN ENTRY--PERSONAL NAME |
| Personal name |
Lundquist, Jennifer Hickes |
| 245 ## - TITLE STATEMENT |
| Title |
The black-white gap in marital dissolution among young adults: what can counterfactual scenario tell us? |
| 260 ## - PUBLICATION, DISTRIBUTION, ETC. |
| Date of publication, distribution, etc. |
2006 |
| 300 ## - PHYSICAL DESCRIPTION |
| Extent |
p.421-41. |
| 362 ## - DATES OF PUBLICATION AND/OR SEQUENTIAL DESIGNATION |
| Dates of publication and/or sequential designation |
Aug |
| 650 ## - SUBJECT ADDED ENTRY--TOPICAL TERM |
| Topical term or geographic name entry element |
Youth |
| 650 ## - SUBJECT ADDED ENTRY--TOPICAL TERM |
| Topical term or geographic name entry element |
Family disorganization |
| 773 ## - HOST ITEM ENTRY |
| Main entry heading |
Social Problems |
| 909 ## - |
| -- |
71841 |